LEADER 01483nam a2200337 i 4500 001 000000187921 003 CaOOAMICUS 005 20100326000000.0 008 100326s2010 it u000 u ita u 013 $a166045 020 $a978-88-8025-628-1 040 $aSeMil$bita 100 0 $aPaulus VI,$c.$0(OLS)http://semarc/name/803 245 10$aPasqua :$bla novità dell'amore : omelie del triduo e scritti pasquali /$cGiovanni Battista Montini ; a cura di Giselda Adornato. 260 $aMilano :$bCentro Ambrosiano,$c2010. 300 $a213 p. ;$c21 cm. 500 $aDono del card. Dionigi Tettamanzi. 650 4$aMontini, Giovanni Battista <1897-1978> - Scritti e discorsi.$0(OLS)http://semarc/subject/9813 650 4$aOmelie Pasquali.$0(OLS)http://semarc/subject/35383 700 1 $aAdornato, Giselda,$d<1959- >.$0(OLS)http://semarc/name/16301 850 $aSeMil 852 $aSeMil$W1$xVenegono$y1$m2A I 326$j138601$B138601$CSeMilBibl$Z2$F150197 $81 900 1 $aMontini, Giovanni Battista,$d<1897-1978>. 900 0 $aPaolo VI$c. 941 1 $a5 961 $aOmaggio: Tettamanzi Card. Dionigi 996 $6020$a978-88-8025-628-1$9(OLS)http://semarc/number/178381 996 $6245$aPasqua :$bla novità dell'amore : omelie del triduo e scritti pasquali$9(OLS)http://semarc/title/270392 996 $6260$aMilano :$bCentro Ambrosiano$9(OLS)http://semarc/publisher/29766 LEADER 01068nam a2200253 i 4500 001 000000086787 003 CaOOAMICUS 005 20031001000000.0 008 031001s1930 it u000 u ita u 013 $a59027 040 $aSeMil$bita 100 1 $aBargellini, Piero,$d<1897-1980>.$0(OLS)http://semarc/name/926 245 10$aS. Antonino di Firenze :$bPagine scelte, con introduzione /$cPiero Bargellini. 260 $aTorino [etc.] :$bSEI,$c1930. 300 $aXXIII, 222 p. ;$c18 cm. 490 0 $aPagine Cristiane ;$v12 500 $aContiene : Bibliografia ; Appendice. 650 4$aTeologia - Testi - Sec. 15.$0(OLS)http://semarc/subject/3520 830 0$aPagine cristiane ;$v12.$0(OLS)http://semarc/title/23625 850 $aSeMil 852 $aSeMil$W1$xVenegono$y1$m54 71 12 *$j50421$B50421$CSeMilBibl$Z2$F54386 $81 961 $aRecupero: Biblioteca Seminario Saronno 996 $6245$aS. Antonino di Firenze :$bPagine scelte, con introduzione$9(OLS)http://semarc/title/133001 996 $6260$aTorino [etc.] :$bSEI$9(OLS)http://semarc/publisher/32375